EPIC: The Musical Songs By Lyrics - Statistics

General Stats
  • This quiz has been taken 133 times
  • The average score is 18 of 40
Answer Stats
Hint Answer % Correct
Like you're on your hundredth date! Wouldn't You Like
81%
...is to cut it from its ROOTS! Would You Fall in Love With Me Again
79%
'Cause I'd rather lie than allow them to think they've won The Challenge
76%
It controls your mind and never sets you free Open Arms
70%
...Not much to say. Scylla
70%
I know of a brilliant prophet There Are Other Ways
70%
We only hurt him to disarm him! Ruthlessness
68%
Whirlpools that attract prey Charybdis
67%
Maybe you could learn to forgive Get in the Water
60%
Or did she learn to get colder when she got older? Monster
59%
If you want all the power, you must carry all the BLAME! Mutiny
57%
His pride, his faith, his trust, and his bones Hold Them Down
56%
A ship with no crew! Different Beast
54%
What's a title that a goddess could lend? My Goodbye
54%
A magic boar only the best could kill Warrior of the Mind
54%
WHAT IF SHE CAN'T BE KILLED? Puppeteer
52%
'Cause they're getting impatient, dangerous too! Legendary
51%
In the heat of battle, at the edge of the unknown Odysseus
51%
We cannot let the treasure rumor fly! Keep Your Friends Close
48%
Why would you let the cyclops live? The Underworld
46%
You're my friend I couldn't ask for more We'll Be Fine
46%
You and I'll go ahead! Full Speed Ahead
44%
You? Or your crew? Thunder Bringer
43%
Is this what it means to be a warrior of the mind? Remember Them
38%
He can still build the future with those who miss him God Games
33%
You're as old as he was... Just a Man
33%
I'm no pet, I'm a married man! Love in Paradise
32%
The POWER that is in your hand! Polyphemus
30%
Almost all of whom were slaughtered by YOUR HAND! Six Hundred Strike
30%
You were never one for hellos I Can't Help But Wonder
29%
Let's teach this dog a lesson! Little Wolf
29%
But not in the way that you want me to... Not Sorry For Loving You
29%
Which route should I take? Suffering
29%
Captain, look! Storm
27%
Use that well of pride! The Horse and the Infant
27%
I took 600 men to war and none of them died there! Luck Runs Out
25%
With a man who is haunting... No Longer You
24%
...I'm not sure if I follow. Done For
22%
You won't get another time to try Dangerous
21%
Strike the heels! Survive
21%
No matching quizzes found
Score Distribution
Percent of People with Each Score
Percentile by Number Answered
Your Score History
You have not taken this quiz